Especificacion de bombas para hidrocarburos en Recope

Bewaard in:
Bibliografische gegevens
Hoofdauteur: Paniagua Paniagua, Max
Formaat: Boek
Gepubliceerd in: San José, C.R 1996
Onderwerpen:
Tags: Voeg label toe
Geen labels, Wees de eerste die dit record labelt!

MARC

LEADER 00000nam a2200000Ia 4500
003 008034
005 20221231144236.0
008 140114s1996 cr a m 000 ||s d
040 |c cru CEDI 
090 |a TFG 3559 
100 |a Paniagua Paniagua, Max  |9 9740 
245 |a Especificacion de bombas para hidrocarburos en Recope 
260 |c 1996  |a  San José, C.R 
300 |a  vii, [101] hojas : ilustraciones  
500 |a  Proyecto de graduación (licenciatura en ingeniería mecánica)--Universidad de Costa Rica. Facultad de Ingeniería. Escuela de Ingeniería Mecánica 
650 |x MAQUINAS DE BOMBEO   |x  ESPECIFICACIONES  |9 9741 
942 |c TFG 
999 |c 18944  |d 18944